000 00898nam a22002657a 4500
003 OSt
005 20220209102920.0
008 220113b |||||||| |||| 00| 0 eng d
020 _aT207
040 _cSTCPL
041 _aENG
082 _a894.812
_bCIG-P
100 _aCigi Chacko
110 _aGuided by Davis Xavier
111 _aMahatma Gandhi University Kottayam, Department Malayalam, St Thomas College Palai
245 _aPradesikasamskruthiyude aakhyaanam zakkariayude kadhakalil /
_cby Cigi Chacko
_hപ്രാദേശികസംസ്കൃതിയുടെ ആഖ്യാനം സക്കറിയയുടെ കഥകളിൽ
260 _aPala :
_cDecember 2018
300 _a316 p.
_bHB
650 _aMalayalam
856 _uhttps://shodhganga.inflibnet.ac.in/handle/10603/273385
942 _cTHE
942 _2ddc
_n0
942 _2ddc
_n0
942 _2ddc
_n0
999 _c75513
_d75513